Fundamentals of mathematical statistics / Steffen L. Lauritzen. (Record no. 22256)

000 -LEADER
fixed length control field 01578nam a22001697a 4500
020 ## - INTERNATIONAL STANDARD BOOK NUMBER
ISBN 9781032223827
082 ## - DEWEY DECIMAL CLASSIFICATION NUMBER
Classification number 519.5
Item number L386 2023
100 ## - MAIN ENTRY--AUTHOR NAME
Personal name Lauritzen, Steffen L., author.
245 ## - TITLE STATEMENT
Title Fundamentals of mathematical statistics / Steffen L. Lauritzen.
260 ## - PUBLICATION, DISTRIBUTION, ETC. (IMPRINT)
Place of publication Boca Raton, FL :
Name of publisher CRC Press, Taylor & Francis Group,
Year of publication c2023.
300 ## - PHYSICAL DESCRIPTION
Number of Pages 1 online resource, viii, 244 pages :
Other physical details illustrations.
490 ## - SERIES STATEMENT
Series statement Texts in Statistical Science
500 ## - GENERAL NOTE
General note Includes bibliographic references and index.
520 ## - SUMMARY, ETC.
Summary, etc Fundamentals of Mathematical Statistics is meant for a standard one-semester advanced undergraduate or graduate level course on Mathematical Statistics. It covers all the key topics - statistical models, linear normal models, exponential families, estimation, asymptotics of maximum likelihood, significance testing, and models for tables of counts. It assumes a good background in mathematical analysis, linear algebra, and probability, but includes an appendix with basic results from these areas. Throughout the text, there are numerous examples and graduated exercises that illustrate the topics covered, rendering the book suitable for teaching or self-study. Features a concise, yet rigorous introduction to a one-semester course on mathematical statistics. Thus, this textbook will be a perfect fit for an advanced course on mathematical statistics or statistical theory. The concise and lucid approach means it could also serve as a good alternative, or supplement, to existing texts.
650 ## - SUBJECT ADDED ENTRY--TOPICAL TERM
Topical Term Mathematical statistics.
942 ## - ADDED ENTRY ELEMENTS (KOHA)
Koha item type Electronic Books
Holdings
Source of acquisition Permanent Location Date acquired Collection code Koha item type Lost status Shelving location Withdrawn status Current Location Full call number
DonationsCagayan State University - Carig Library2026-04-14E-BooksElectronic Books E-Resource Section Cagayan State University - Carig Library519.5 L386

Cagayan State University University Library, Carig Campus
Tuguegarao City, Cagayan 3500 | www.csucarig.edu.ph

Powered by Koha